[Event "First Saturday 2011 november FM-B"]
[Site "Budapest"]
[Date "2011.11.05"]
[Round "1"]
[White "Bella, Zsolt"]
[Black "Somogyi, Kristof"]
[Result "1-0"]
[WhiteElo "1457"]
[BlackElo "1375"]
[PlyCount "67"]
[EventDate "2011.11.05"]

1. e4 e5 2. Nf3 Nc6 3. a3 a5 4. Nc3 Nf6 5. Bb5 Bd6 6. O-O O-O 7. Bxc6 bxc6 8.
d4 Re8 9. Re1 c5 10. d5 c6 11. Bg5 h6 12. Bxf6 Qxf6 13. Na4 Ra6 14. g3 Bb7 15.
c4 Be7 16. Nh4 Rd8 17. Nf5 Bf8 18. d6 Re8 19. Nxc5 Rb6 20. Nxd7 Qg6 21. Nxb6
Re6 22. c5 Ba6 23. d7 Qf6 24. Qg4 Bd3 25. Rad1 Bc2 26. Rd2 Bb3 27. d8=Q Qxd8
28. Rxd8 Rg6 29. Ne7+ Kh7 30. Nxg6 fxg6 31. Rxf8 Bg8 32. Rd1 h5 33. Qc8 Bb3 34.
Rh8# 1-0

[Event "First Saturday 2011 november FM-B"]
[Site "Budapest"]
[Date "2011.11.05"]
[Round "1"]
[White "Czipp, Janos"]
[Black "Szabo, Miklos"]
[Result "1-0"]
[WhiteElo "1454"]
[BlackElo "1345"]
[PlyCount "79"]
[EventDate "2011.11.05"]

1. d4 d5 2. c4 e6 3. cxd5 exd5 4. Nf3 Nf6 5. g3 c5 6. Bg2 Nc6 7. Nc3 Be7 8. O-O
O-O 9. Re1 Bf5 10. a3 a6 11. e3 c4 12. b3 b5 13. bxc4 bxc4 14. Ne5 Nxe5 15.
dxe5 Ne4 16. Ne2 Be6 17. Qc2 f5 18. Nd4 Qd7 19. Rd1 Nc5 20. Nxe6 Nxe6 21. Bxd5
Rab8 22. Bxc4 Qc6 23. Qa2 Rb6 24. Bb2 Kh8 25. Bxe6 Qxe6 26. Qxe6 Rxe6 27. Rd7
h5 28. Rc1 Bd8 29. Rc8 Ree8 30. e6 Bf6 31. Rxe8 Rxe8 32. Bxf6 gxf6 33. Rd6 a5
34. Kg2 Kg7 35. h4 Kg6 36. Kf3 Re7 37. e4 fxe4+ 38. Kxe4 f5+ 39. Ke5 a4 40. Ra6
1-0

[Event "First Saturday 2011 november FM-B"]
[Site "Budapest"]
[Date "2011.11.05"]
[Round "1"]
[White "Csetneki, Mark"]
[Black "Nagy, Peter"]
[Result "1-0"]
[WhiteElo "1679"]
[BlackElo "1575"]
[PlyCount "21"]
[EventDate "2011.11.05"]

1. d4 d5 2. c4 c6 3. cxd5 cxd5 4. Nf3 Nf6 5. Nc3 Nc6 6. Bf4 Bg4 7. Ne5 Nxe5 8.
Bxe5 e6 9. Qb3 Be7 10. Qxb7 O-O 11. e3 1-0

[Event "First Saturday 2011 november FM-B"]
[Site "Budapest"]
[Date "2011.11.06"]
[Round "2"]
[White "Szabo, Miklos"]
[Black "Csetneki, Mark"]
[Result "0-1"]
[WhiteElo "1345"]
[BlackElo "1679"]
[PlyCount "26"]
[EventDate "2011.11.05"]

1. Nc3 d5 2. d4 Nf6 3. Bg5 c6 4. Bxf6 exf6 5. Qd2 Bd6 6. O-O-O O-O 7. Re1 Qc7
8. g3 f5 9. Bg2 b5 10. h4 a5 11. f3 Bxg3 12. Rf1 Bd6 13. e4 Bf4 0-1

[Event "First Saturday 2011 november FM-B"]
[Site "Budapest"]
[Date "2011.11.06"]
[Round "2"]
[White "Somogyi, Kristof"]
[Black "Czipp, Janos"]
[Result "0-1"]
[WhiteElo "1375"]
[BlackElo "1454"]
[PlyCount "56"]
[EventDate "2011.11.05"]

1. e4 c6 2. Bc4 e6 3. Nc3 d5 4. exd5 cxd5 5. Bb5+ Bd7 6. Nf3 Bd6 7. Nd4 a6 8.
Bd3 Nf6 9. O-O O-O 10. a4 Nc6 11. Nxc6 Bxc6 12. b3 Re8 13. Bb2 Qd7 14. Re1 e5
15. f3 Re7 16. Ba3 Bxa3 17. Rxa3 e4 18. fxe4 Rae8 19. Qf3 dxe4 20. Bxe4 Qxd2
21. Re2 Qc1+ 22. Qf1 Qxa3 23. Bxc6 bxc6 24. Rxe7 Qxe7 25. h3 Qc5+ 26. Kh1 Qxc3
27. Qxa6 Qg3 28. Qf1 Re1 0-1

[Event "First Saturday 2011 november FM-B"]
[Site "Budapest"]
[Date "2011.11.06"]
[Round "2"]
[White "Kalman, Tamas"]
[Black "Bella, Zsolt"]
[Result "1-0"]
[WhiteElo "1618"]
[BlackElo "1457"]
[PlyCount "66"]
[EventDate "2011.11.05"]

1. e4 c5 2. Nf3 Nc6 3. d4 e6 4. Be3 Nge7 5. c4 b6 6. Nc3 Bb7 7. Be2 a6 8. O-O
d5 9. cxd5 exd5 10. dxc5 dxe4 11. Qxd8+ Rxd8 12. Nxe4 Nb4 13. Nd6+ Rxd6 14.
cxd6 Nf5 15. Bxb6 Bxd6 16. Rad1 O-O 17. a3 Nd5 18. Ba5 Nf4 19. Bd3 Nxd3 20.
Rxd3 Be4 21. Rc3 Bf4 22. Rd1 h6 23. Nd4 Be5 24. Nxf5 Bxf5 25. Rc5 Bf6 26. Rxf5
Bxb2 27. Bb4 Rc8 28. Rc5 Re8 29. Rcd5 Re4 30. h3 f6 31. Rd8+ Kh7 32. Ra8 Be5
33. Rxa6 Rc4 {after 7 move} 1-0

[Event "First Saturday 2011 november FM-B"]
[Site "Budapest"]
[Date "2011.11.07"]
[Round "3"]
[White "Czipp, Janos"]
[Black "Kalman, Tamas"]
[Result "0-1"]
[WhiteElo "1454"]
[BlackElo "1618"]
[PlyCount "78"]
[EventDate "2011.11.05"]

1. d4 Nf6 2. c4 g6 3. Nc3 d5 4. e3 Bg7 5. Nf3 O-O 6. Bd3 dxc4 7. Bxc4 c5 8. O-O
a6 9. a4 Bf5 10. Qb3 Nc6 11. Qd1 Bg4 12. Ne2 Bxf3 13. gxf3 cxd4 14. exd4 Rc8
15. Be3 Nd5 16. Bxd5 Qxd5 17. Qd2 Qxf3 18. Rad1 Rfd8 19. Qe1 Qg4+ 20. Kh1 Nxd4
21. Nxd4 Bxd4 22. f3 Qh3 23. Rxd4 Rxd4 24. Bxd4 Rc4 25. Bg1 Rxa4 26. Rf2 Rf4
27. Qxe7 Rxf3 28. Qe8+ Kg7 29. Qe5+ Kg8 30. Rc2 Rb3 31. Qe8+ Kg7 32. Bd4+ Kh6
33. Qf8+ Kh5 34. Rc5+ f5 35. Rxf5+ Qxf5 36. Qxf5+ gxf5 37. Be5 Re3 38. Bd4 Re2
39. Bb6 Rxb2 0-1

[Event "First Saturday 2011 november FM-B"]
[Site "Budapest"]
[Date "2011.11.07"]
[Round "3"]
[White "Csetneki, Mark"]
[Black "Somogyi, Kristof"]
[Result "1-0"]
[WhiteElo "1679"]
[BlackElo "1375"]
[PlyCount "83"]
[EventDate "2011.11.05"]

1. d4 d5 2. c4 c6 3. cxd5 cxd5 4. Nf3 Nf6 5. Nc3 Nc6 6. Bf4 Bf5 7. e3 e6 8. Bb5
Bb4 9. Ne5 Rc8 10. O-O O-O 11. Bxc6 bxc6 12. Rc1 Bd6 13. Na4 Bxe5 14. Bxe5 Ne4
15. Nc5 f6 16. Bf4 g5 17. Bg3 Nxg3 18. hxg3 Rb8 19. g4 Be4 20. Nxe6 Qe7 21.
Nxf8 Rxf8 22. Rxc6 Rf7 23. Rc8+ Kg7 24. Qa4 Qd7 25. Qxd7 Rxd7 26. Rfc1 Rd6 27.
R1c7+ Kh6 28. Rc6 Rd7 29. Rxf6+ Bg6 30. Rfc6 Rf7 31. R8c7 a5 32. Rxf7 a4 33.
Ra7 a3 34. Rxa3 Kg7 35. b4 h5 36. b5 Be8 37. Ra7+ Kf8 38. Rh6 Bf7 39. b6 hxg4
40. b7 Kg8 41. b8=Q+ Kg7 42. Qh8# 1-0

[Event "First Saturday 2011 november FM-B"]
[Site "Budapest"]
[Date "2011.11.07"]
[Round "3"]
[White "Nagy, Peter"]
[Black "Szabo, Miklos"]
[Result "0-1"]
[WhiteElo "1575"]
[BlackElo "1345"]
[PlyCount "43"]
[EventDate "2011.11.05"]

1. d4 d5 2. c4 e6 3. Nf3 Nf6 4. Nc3 Be7 5. e3 c6 6. cxd5 exd5 7. Bd3 Bg4 8. h3
Bh5 9. g4 Bg6 10. Ne5 Bxd3 11. Qxd3 Nbd7 12. Bd2 Qc7 13. f4 h6 14. O-O-O b6 15.
Kb1 b5 16. Rc1 Nb6 17. Nxb5 Qb7 18. Nxc6 Ne4 19. Nxe7 Nc4 20. Rxc4 dxc4 21.
Nc7+ Kxe7 22. Bb4+ 0-1

[Event "First Saturday 2011 november FM-B"]
[Site "Budapest"]
[Date "2011.11.08"]
[Round "4"]
[White "Somogyi, Kristof"]
[Black "Nagy, Peter"]
[Result "0-1"]
[WhiteElo "1375"]
[BlackElo "1575"]
[PlyCount "110"]
[EventDate "2011.11.05"]

1. e4 c6 2. d3 d5 3. e5 Bf5 4. Bf4 e6 5. d4 c5 6. Bb5+ Nc6 7. Ne2 Qb6 8. Nbc3
O-O-O 9. Bxc6 Qxc6 10. O-O h6 11. Be3 f6 12. dxc5 fxe5 13. b4 d4 14. Bxd4 exd4
15. Nxd4 Qc7 16. Ncb5 Qb8 17. Qf3 g6 18. c6 Rd5 19. Rfe1 Bxb4 20. Re2 Ne7 21.
Nxf5 Rxf5 22. Qd3 bxc6 23. c3 Qxb5 24. Qxb5 Rxb5 25. cxb4 Rxb4 26. Rxe6 Kd7 27.
Re3 Nd5 28. Rd1 Re8 29. Rxe8 Kxe8 30. Re1+ Kd7 31. Rd1 Rb2 32. g3 Rxa2 33. Rb1
Kc7 34. h4 h5 35. Kh2 Rxf2+ 36. Kg1 Ra2 37. Rf1 a5 38. Rf7+ Kd6 39. Rf1 a4 40.
Rd1 a3 41. Rb1 Rb2 42. Rc1 a2 43. Ra1 Rb1+ 44. Rxb1 axb1=Q+ 45. Kh2 Ne3 46. g4
Qf1 47. Kg3 hxg4 48. h5 Ke5 49. h6 Qf3+ 50. Kh4 Nf5+ 51. Kg5 Qf4+ 52. Kxg6
Qxh6+ 53. Kf7 Qe6+ 54. Kf8 Qe7+ 55. Kg8 Qg7# 0-1

[Event "First Saturday 2011 november FM-B"]
[Site "Budapest"]
[Date "2011.11.08"]
[Round "4"]
[White "Kalman, Tamas"]
[Black "Csetneki, Mark"]
[Result "0-1"]
[WhiteElo "1618"]
[BlackElo "1679"]
[PlyCount "63"]
[EventDate "2011.11.05"]

1. e4 e5 2. Nf3 Nc6 3. Bb5 g6 4. O-O Bg7 5. c3 a6 6. Ba4 d6 7. d4 Bd7 8. dxe5
Nxe5 9. Bxd7+ Qxd7 10. Nxe5 dxe5 11. Qxd7+ Kxd7 12. Rd1+ Ke7 13. Na3 b5 14. Nc2
a5 15. Be3 Nf6 16. Bc5+ Ke6 17. f3 Rhd8 18. a4 bxa4 19. Ne3 Rxd1+ 20. Rxd1 Bh6
21. Nc4 Nd7 22. Ba3 Bf8 23. Bxf8 Nxf8 24. Rd5 Nd7 25. Nxa5 Nb6 26. Rb5 Kd7 27.
c4 Ra6 28. b4 c6 29. Rxe5 f6 30. Rc5 a3 31. Nxc6 a2 32. Nb8+ 0-1

[Event "First Saturday 2011 november FM-B"]
[Site "Budapest"]
[Date "2011.11.08"]
[Round "4"]
[White "Koltai, Daniel"]
[Black "Mihajlova, Diana"]
[Result "1/2-1/2"]
[WhiteElo "1422"]
[BlackElo "1454"]
[PlyCount "143"]
[EventDate "2011.11.05"]

1. e4 d5 2. exd5 Nf6 3. c4 e6 4. dxe6 Bxe6 5. d4 Bb4+ 6. Nc3 Qe7 7. Be3 Ne4 8.
Qc2 Bf5 9. Bd3 Nc6 10. a3 Nxd4 11. Qa4+ Nc6 12. axb4 Nxc3 13. bxc3 Bxd3 14. b5
Ne5 15. c5 Nc4 16. O-O-O Ne5 17. Nh3 O-O 18. Nf4 Bc4 19. Nd5 Bxd5 20. Rxd5 a6
21. Rhd1 axb5 22. Qxb5 c6 23. Rxe5 Qxe5 24. Qb4 Ra1+ 25. Kc2 Rxd1 26. Kxd1 Qd5+
27. Ke2 Rd8 28. Qb1 Qh5+ 29. f3 Qxh2 30. Kf2 Qh4+ 31. Kg1 Qa4 32. Bd4 Ra8 33.
Qxb7 Re8 34. Qd7 Qa8 35. Qd6 Qa1+ 36. Kh2 Qe1 37. Qg3 Qxg3+ 38. Kxg3 f6 39. f4
Kf7 40. Kf3 Ke6 41. Ke3 Kd5+ 42. Kd3 Ke6 43. Ke3 Kf5+ 44. Kf3 Re1 45. g3 Ke6
46. Kg4 Re4 47. Bf2 Rc4 48. Bd4 Kd5 49. Kf5 Ra4 50. Bf2 Kc4 51. Bd4 Ra5 52. Ke6
Ra2 53. Kf7 Rg2 54. Kxg7 Rxg3+ 55. Kxh7 Rg4 56. Bxf6 Rxf4 57. Be5 Re4 58. Bd6
Kxc3 59. Kg6 Kc4 60. Kf5 Kd5 61. Bf8 Rc4 62. Be7 Rxc5 63. Bxc5 Kxc5 64. Ke4 Kc4
65. Ke3 c5 66. Kd2 Kb3 67. Kc1 c4 68. Kb1 Kc3 69. Kc1 Kd4 70. Kd2 c3+ 71. Kc2
Kc4 72. Kc1 1/2-1/2

[Event "First Saturday 2011 november FM-B"]
[Site "Budapest"]
[Date "2011.11.09"]
[Round "5"]
[White "Bella, Zsolt"]
[Black "Koltai, Daniel"]
[Result "0-1"]
[WhiteElo "1457"]
[BlackElo "1422"]
[PlyCount "120"]
[EventDate "2011.11.05"]

1. b3 b6 2. Bb2 Bb7 3. e3 Nc6 4. Nf3 e6 5. Bc4 Nf6 6. Nc3 Be7 7. d4 O-O 8. a3
d5 9. Bd3 Bd6 10. Nb5 Be7 11. O-O a6 12. Nc3 Bd6 13. Ne2 Ne7 14. c3 c5 15. Qc2
h6 16. Ne5 Nc6 17. Nxc6 Bxc6 18. dxc5 bxc5 19. f4 Qc7 20. c4 e5 21. fxe5 Bxe5
22. Rxf6 Bxh2+ 23. Kh1 gxf6 24. Bxf6 Rfb8 25. Bh7+ Kf8 26. Qc3 Ra7 27. Bg7+ Ke8
28. Bxh6 Be5 29. Nd4 cxd4 30. exd4 Bd6 31. Bf5 Be7 32. Re1 Qd6 33. Qe3 Rab7 34.
b4 Kd8 35. Bf4 Qf6 36. Bh3 Ra8 37. Rf1 Qg7 38. c5 Bd7 39. Bh6 Qg6 40. Bxd7 Kxd7
41. Qh3+ Qe6 42. c6+ Kxc6 43. Rc1+ Kd7 44. Qc3 Qxh6+ 45. Kg1 Qd6 46. Qh3+ Qe6
47. Qc3 Bg5 48. Re1 Qh6 49. Qg3 Qh4 50. Qe5 Kc6 51. Re2 Rd8 52. Rc2+ Kb6 53.
Rf2 Re7 54. g3 Rxe5 55. gxh4 Re1+ 56. Kg2 Bxh4 57. Rxf7 Rg8+ 58. Kh2 Re6 59.
Rf5 Rh6 60. Rf3 Be7+ 0-1

[Event "First Saturday 2011 november FM-B"]
[Site "Budapest"]
[Date "2011.11.09"]
[Round "5"]
[White "Nagy, Peter"]
[Black "Kalman, Tamas"]
[Result "1-0"]
[WhiteElo "1575"]
[BlackElo "1618"]
[PlyCount "73"]
[EventDate "2011.11.05"]

1. d4 Nf6 2. c4 g6 3. Nc3 d5 4. cxd5 Nxd5 5. e3 Bg7 6. Bc4 Nxc3 7. bxc3 c5 8.
Qb3 O-O 9. d5 Nd7 10. e4 Ne5 11. Be2 Qc7 12. Bf4 Nd3+ 13. Bxd3 Qxf4 14. Ne2 Qg5
15. O-O b6 16. f4 Qg4 17. Rad1 Rd8 18. c4 f5 19. e5 g5 20. e6 Rf8 21. Rf3 gxf4
22. Rxf4 Qh5 23. Rdf1 Rb8 24. Qc2 Ba6 25. Ng3 Qg5 26. Nxf5 Be5 27. R4f3 b5 28.
Qe2 Rxf5 29. Rxf5 Bd4+ 30. Kh1 Qe3 31. Qg4+ Bg7 32. Rf7 Qh6 33. cxb5 Bb7 34.
Be4 Re8 35. R7f3 Qd2 36. Rh3 h6 37. Qg6 1-0

[Event "First Saturday 2011 november FM-B"]
[Site "Budapest"]
[Date "2011.11.09"]
[Round "5"]
[White "Szabo, Miklos"]
[Black "Somogyi, Kristof"]
[Result "1-0"]
[WhiteElo "1345"]
[BlackElo "1375"]
[PlyCount "111"]
[EventDate "2011.11.05"]

1. d4 d5 2. c4 c6 3. e3 e6 4. Nf3 Bd6 5. Be2 Nf6 6. O-O O-O 7. c5 Bc7 8. Nc3
Ne4 9. Qc2 Nxc3 10. bxc3 b6 11. Bd3 g6 12. Ba3 bxc5 13. Bxc5 Bd6 14. Bxd6 Qxd6
15. Rfe1 Nd7 16. e4 dxe4 17. Bxe4 f5 18. Bd3 c5 19. Bc4 Nb6 20. dxc5 Qxc5 21.
Bxe6+ Bxe6 22. Rxe6 Rae8 23. Qb3 Nd5 24. Ree1 Re7 25. Rxe7 Qxe7 26. Qxd5+ Rf7
27. Ng5 Qxg5 28. Re1 Qf6 29. c4 Kg7 30. h3 a6 31. c5 a5 32. c6 a4 33. Kh2 Qb2
34. Qe5+ Qxe5+ 35. Rxe5 Rc7 36. Rc5 a3 37. Kg3 Kh6 38. Kf4 Kg7 39. Ke5 Kf7 40.
Kd6 Re7 41. c7 Re6+ 42. Kd7 Re7+ 43. Kc8 Re8+ 44. Kb7 Re7 45. Kb6 Re6+ 46. Kb5
Re2 47. c8=Q Rb2+ 48. Ka4 Rxa2 49. Qd7+ Kf6 50. Qd8+ Ke6 51. Qg8+ Kd6 52. Qd5+
Ke7 53. Qxa2 Kd6 54. Qd5+ Ke7 55. Qe5+ Kd7 56. Rc7+ 1-0

[Event "First Saturday 2011 november FM-B"]
[Site "Budapest"]
[Date "2011.11.10"]
[Round "6"]
[White "Kalman, Tamas"]
[Black "Szabo, Miklos"]
[Result "1-0"]
[WhiteElo "1618"]
[BlackElo "1345"]
[PlyCount "43"]
[EventDate "2011.11.05"]

1. e4 c5 2. Nf3 d6 3. d4 cxd4 4. Nxd4 Nf6 5. Nc3 a6 6. Bg5 e6 7. f4 Nbd7 8. Qf3
Qc7 9. O-O-O e5 10. Nf5 g6 11. Ne3 b5 12. Kb1 Bb7 13. fxe5 dxe5 14. Bxf6 b4 15.
Ncd5 Bxd5 16. Nxd5 Qa5 17. Bxh8 b3 18. cxb3 Qd8 19. Bc4 Rc8 20. Nf6+ Qxf6 21.
Bxf6 Nxf6 22. Qxf6 1-0

[Event "First Saturday 2011 november FM-B"]
[Site "Budapest"]
[Date "2011.11.10"]
[Round "6"]
[White "Koltai, Daniel"]
[Black "Czipp, Janos"]
[Result "1-0"]
[WhiteElo "1422"]
[BlackElo "1454"]
[PlyCount "120"]
[EventDate "2011.11.05"]

1. e4 c5 2. Nf3 g6 3. d4 cxd4 4. Qxd4 f6 5. Bc4 Nc6 6. Qd1 e6 7. O-O Bg7 8. Nc3
Nge7 9. Nb5 O-O 10. Bf4 Ne5 11. Nxe5 fxe5 12. Bg5 Bf6 13. Bh6 Bg7 14. Bg5 Bf6
15. Bxe6+ Kg7 16. Bxf6+ Rxf6 17. Bb3 Qb6 18. Nc3 Qc5 19. Nd5 Nxd5 20. Qxd5 Qxd5
21. Bxd5 Rb8 22. Rad1 d6 23. Rd2 Kf8 24. Rfd1 Ke7 25. c4 b6 26. f3 Bd7 27. b3
g5 28. Kf2 g4 29. Kg3 gxf3 30. gxf3 Rbf8 31. Rd3 Rg6+ 32. Kf2 Rgf6 33. Rg1 Rg6
34. Rxg6 hxg6 35. Kg2 Rf4 36. Rc3 g5 37. b4 Rh4 38. Kg3 Rh3+ 39. Kg2 Rh8 40. c5
dxc5 41. bxc5 Rc8 42. c6 Be8 43. Kg3 Bh5 44. c7 Kd6 45. Rc6+ Ke7 46. Be6 Be8
47. Bxc8 Bxc6 48. Bf5 Bd7 49. c8=Q Bxc8 50. Bxc8 a5 51. Ba6 Kf6 52. Kg4 Kg6 53.
h4 gxh4 54. Kxh4 Kf6 55. Kg4 Kg6 56. f4 exf4 57. Kxf4 Kf6 58. e5+ Ke6 59. Ke4
Kd7 60. Kd5 Kc7 1-0

[Event "First Saturday 2011 november FM-B"]
[Site "Budapest"]
[Date "2011.11.10"]
[Round "6"]
[White "Mihajlova, Diana"]
[Black "Bella, Zsolt"]
[Result "1-0"]
[WhiteElo "1454"]
[BlackElo "1457"]
[PlyCount "103"]
[EventDate "2011.11.05"]

1. e4 g6 2. d4 Bg7 3. Nf3 d6 4. Bc4 Nc6 5. Be3 Nf6 6. Nc3 O-O 7. Qd2 e5 8. d5
Na5 9. Bd3 b6 10. Ne2 Re8 11. h3 Qd7 12. b4 Nb7 13. Nc3 Qe7 14. Bb5 Nd7 15. a4
a6 16. Bc6 Rb8 17. h4 h5 18. Bg5 Bf6 19. Ke2 Rd8 20. Rag1 Nf8 21. Bxf6 Qxf6 22.
Ng5 Nh7 23. Nxh7 Kxh7 24. f3 Rg8 25. Qg5 Qxg5 26. hxg5 Nd8 27. g4 Kg7 28. gxh5
Nxc6 29. dxc6 Be6 30. Nd5 Bxd5 31. exd5 Rge8 32. Kd3 Re7 33. Rg4 Ree8 34. Rgh4
gxh5 35. Rxh5 Rh8 36. Rxh8 Rxh8 37. Rxh8 Kxh8 38. Ke4 Kg7 39. Kf5 Kf8 40. c4
Ke7 41. Ke4 Kd8 42. Kf5 Ke7 43. c5 dxc5 44. bxc5 b5 45. axb5 axb5 46. Kxe5 b4
47. Kd4 f6 48. Kc4 b3 49. Kxb3 fxg5 50. Kc3 Kf6 51. d6 cxd6 52. c7 1-0

[Event "First Saturday 2011 november FM-B"]
[Site "Budapest"]
[Date "2011.11.11"]
[Round "7"]
[White "Czipp, Janos"]
[Black "Mihajlova, Diana"]
[Result "0-1"]
[WhiteElo "1454"]
[BlackElo "1454"]
[PlyCount "60"]
[EventDate "2011.11.05"]

1. d4 Nf6 2. Nf3 e6 3. g3 Nc6 4. Bg2 d5 5. O-O Bd6 6. c3 h6 7. Re1 Bd7 8. Nbd2
Ne4 9. Qc2 f5 10. c4 Qf6 11. Nxe4 dxe4 12. Nd2 Nxd4 13. Qd1 O-O-O 14. e3 Nc6
15. a3 h5 16. f3 exf3 17. Nxf3 e5 18. Bd2 g5 19. Bc3 Be6 20. Qe2 f4 21. b4 Bg4
22. Qb2 fxg3 23. hxg3 Bxf3 24. Rf1 g4 25. c5 Bf8 26. b5 Bxc5 27. bxc6 Bxe3+ 28.
Kh1 Qxc6 29. Bxf3 gxf3 30. Bxe5 Rd2 0-1

[Event "First Saturday 2011 november FM-B"]
[Site "Budapest"]
[Date "2011.11.11"]
[Round "7"]
[White "Csetneki, Mark"]
[Black "Koltai, Daniel"]
[Result "1-0"]
[WhiteElo "1679"]
[BlackElo "1422"]
[PlyCount "142"]
[EventDate "2011.11.05"]

1. d4 Nf6 2. c4 g6 3. Nc3 Bg7 4. e4 d6 5. Bd3 O-O 6. Nge2 e5 7. d5 a5 8. O-O
Na6 9. Ng3 Nc5 10. Bc2 Nfd7 11. Be3 Nf6 12. f3 Ne8 13. Qd2 f5 14. exf5 gxf5 15.
f4 e4 16. Qf2 Nf6 17. h3 Nfd7 18. Nh5 Qe7 19. Rae1 b6 20. Nxg7 Qxg7 21. Bd4 Nf6
22. Re3 Qe7 23. Qh4 Rf7 24. Rg3+ Kf8 25. Qh6+ Ke8 26. Nb5 Kd8 27. Rg7 Ncd7 28.
Bxf6 Nxf6 29. Nd4 Bd7 30. Rxf7 Qxf7 31. Re1 Ke7 32. g4 Rg8 33. g5 Nh5 34. Rf1
Qg6 35. Qxg6 Rxg6 36. Bd1 Ng7 37. h4 Ne8 38. Bg4 fxg4 39. f5 Rg8 40. f6+ Kf7
41. Ne6 Bxe6 42. dxe6+ Kxe6 43. f7 Rf8 44. fxe8=Q+ Rxe8 45. Rf4 d5 46. cxd5+
Kxd5 47. Rxg4 e3 48. Kf1 Re4 49. Rg3 e2+ 50. Ke1 Kd4 51. h5 Re6 52. g6 hxg6 53.
hxg6 Re8 54. g7 Rg8 55. Kxe2 Ke5 56. Kd3 Kd5 57. Rg5+ Ke6 58. Ke4 Kf6 59. Rg3
Ke7 60. Ke5 Kd7 61. Kf6 c5 62. Kf7 Re8 63. g8=Q Rxg8 64. Kxg8 Kd6 65. Rg6+ Kd5
66. Rxb6 Kc4 67. b3+ Kc3 68. Rb5 c4 69. Rxa5 cxb3 70. axb3 Kb4 71. Ra7 Kxb3 1-0

[Event "First Saturday 2011 november FM-B"]
[Site "Budapest"]
[Date "2011.11.11"]
[Round "7"]
[White "Somogyi, Kristof"]
[Black "Kalman, Tamas"]
[Result "0-1"]
[WhiteElo "1375"]
[BlackElo "1618"]
[PlyCount "56"]
[EventDate "2011.11.05"]

1. e4 e5 2. Nf3 Nc6 3. Nc3 Nf6 4. Bc4 Nxe4 5. Nxe4 d5 6. Bxd5 Qxd5 7. Nc3 Qd8
8. O-O Bc5 9. Ne4 Bb6 10. Re1 O-O 11. d3 Bg4 12. Bg5 f6 13. Bd2 Nd4 14. Bb4 Re8
15. Re3 Nxf3+ 16. gxf3 Bxe3 17. fxe3 Bh5 18. Nc5 f5 19. Bc3 b6 20. Nb3 Qh4 21.
Be1 Qg5+ 22. Kf2 Re6 23. Bd2 Rg6 24. Qf1 Qh4+ 25. Ke2 Qxh2+ 26. Qf2 Rg2 27.
Qxg2 Qxg2+ 28. Kd1 Bxf3+ 0-1

[Event "First Saturday 2011 november FM-B"]
[Site "Budapest"]
[Date "2011.11.12"]
[Round "8"]
[White "Koltai, Daniel"]
[Black "Nagy, Peter"]
[Result "1-0"]
[WhiteElo "1422"]
[BlackElo "1575"]
[PlyCount "55"]
[EventDate "2011.11.05"]

1. e4 c6 2. d4 d6 3. c4 Nf6 4. Nc3 Qc7 5. Nf3 e5 6. d5 Be7 7. Be2 O-O 8. Bg5 h6
9. Bh4 a6 10. Rc1 Nh7 11. Bxe7 Qxe7 12. O-O f5 13. b4 cxd5 14. Nxd5 Qd8 15.
exf5 Bxf5 16. c5 Nc6 17. Nb6 Rb8 18. Qb3+ Kh8 19. Rfd1 e4 20. Nd4 Qf6 21. Nxc6
bxc6 22. Rxd6 Qg5 23. Rf1 Rbe8 24. Qg3 e3 25. Qxg5 Nxg5 26. fxe3 Be4 27. Rxf8+
Rxf8 28. Bxa6 1-0

[Event "First Saturday 2011 november FM-B"]
[Site "Budapest"]
[Date "2011.11.12"]
[Round "8"]
[White "Mihajlova, Diana"]
[Black "Csetneki, Mark"]
[Result "0-1"]
[WhiteElo "1454"]
[BlackElo "1679"]
[PlyCount "94"]
[EventDate "2011.11.05"]

1. e4 e5 2. d4 exd4 3. c3 dxc3 4. Nxc3 Nc6 5. Bd3 Bc5 6. Nf3 d6 7. O-O Nf6 8.
Bg5 h6 9. Bh4 g5 10. Bg3 Bg4 11. h3 Bh5 12. Be2 Qe7 13. Nd5 Qd8 14. Bb5 O-O 15.
Bxc6 bxc6 16. Nc3 Bg6 17. Re1 Rb8 18. Qd2 Rb4 19. a3 Nxe4 20. Nxe4 Rxe4 21.
Rec1 Qe7 22. Rxc5 dxc5 23. Kh2 Rd8 24. Qa5 f5 25. Qxc7 Qxc7 26. Bxc7 Rd7 27.
Ba5 Bf7 28. Bc3 Re2 29. Ne5 Rd6 30. Nf3 Rxf2 31. Kg3 Re2 32. Rc1 f4+ 33. Kh2
Rd3 34. Ne5 Rxc3 35. Rxc3 Rxe5 36. b4 c4 37. Rc2 Re3 38. a4 c3 39. Kg1 Bb3 40.
Rc1 c2 41. Kf2 Rd3 42. b5 cxb5 43. Re1 Rd1 44. Re8+ Kf7 45. Rb8 c1=Q 46. Rb7+
Kf6 47. Rxa7 Qe3# 0-1

[Event "First Saturday 2011 november FM-B"]
[Site "Budapest"]
[Date "2011.11.12"]
[Round "8"]
[White "Bella, Zsolt"]
[Black "Czipp, Janos"]
[Result "1-0"]
[WhiteElo "1457"]
[BlackElo "1454"]
[PlyCount "109"]
[EventDate "2011.11.05"]

1. c4 c5 2. Nf3 Nf6 3. Nc3 e6 4. e4 d6 5. d4 cxd4 6. Nb5 Nc6 7. Nbxd4 Nxd4 8.
Qxd4 e5 9. Qd3 h6 10. b4 Qb6 11. a3 Qc6 12. Nd2 Be6 13. Bb2 b6 14. h3 Be7 15.
Be2 Rd8 16. Rc1 Qb7 17. Qe3 Nh7 18. Qg3 O-O 19. O-O f5 20. exf5 Bxf5 21. Bf3
Qd7 22. Bd5+ Be6 23. Bxe6+ Qxe6 24. Ne4 Rf4 25. Rfe1 Bh4 26. Qe3 Rdf8 27. Re2
Qg6 28. c5 Rf3 29. Qd2 Kh8 30. cxd6 Ng5 31. Nxg5 Bxg5 32. Qc2 R3f5 33. Rd1 Qf7
34. Bxe5 Qd7 35. Bg3 Rc8 36. Qb3 Bf6 37. Rd3 Qb5 38. Qb1 Bg5 39. Re1 Qc4 40. f4
Bf6 41. Rdd1 Bd4+ 42. Rxd4 Qxd4+ 43. Bf2 Qf6 44. d7 Rf8 45. g3 Rd5 46. Re8 Rxd7
47. Qe4 Rdf7 48. Bd4 Qd6 49. Re6 Qxe6 50. Qxe6 Kh7 51. Be5 g5 52. h4 gxh4 53.
Bd6 Rf6 54. Qe4+ Kg8 55. Bxf8 1-0

[Event "First Saturday 2011 november FM-B"]
[Site "Budapest"]
[Date "2011.11.13"]
[Round "9"]
[White "Csetneki, Mark"]
[Black "Bella, Zsolt"]
[Result "1-0"]
[WhiteElo "1679"]
[BlackElo "1457"]
[PlyCount "63"]
[EventDate "2011.11.05"]

1. d4 d5 2. c4 Be6 3. cxd5 Qxd5 4. Nc3 Qf5 5. e4 Qg6 6. d5 Bd7 7. g3 e6 8. Bg2
exd5 9. Nxd5 Na6 10. Ne2 c6 11. Ndf4 Qf6 12. O-O Rd8 13. Nd3 Be6 14. Qc2 Nb4
15. Nxb4 Bxb4 16. Be3 a6 17. Rad1 Bg4 18. f3 Be6 19. Bd4 Qh6 20. Nf4 Bd7 21.
Bb6 Rc8 22. Rxd7 Kxd7 23. Bh3+ Ke8 24. Bxc8 Ne7 25. Bg4 g5 26. Rd1 Nd5 27. Nxd5
cxd5 28. Qc8+ Ke7 29. Qd7+ Kf8 30. Qd8+ Kg7 31. Bd4+ Kg6 32. Qf6# 1-0

[Event "First Saturday 2011 november FM-B"]
[Site "Budapest"]
[Date "2011.11.13"]
[Round "9"]
[White "Nagy, Peter"]
[Black "Mihajlova, Diana"]
[Result "1-0"]
[WhiteElo "1575"]
[BlackElo "1454"]
[PlyCount "101"]
[EventDate "2011.11.05"]

1. d4 Nf6 2. c4 e5 3. dxe5 Ne4 4. Qd5 Bb4+ 5. Bd2 Nxd2 6. Nxd2 d6 7. exd6 c6 8.
Qe5+ Be6 9. Qxg7 Bxd2+ 10. Kxd2 Qxd6+ 11. Ke1 Qb4+ 12. Qc3 Na6 13. e3 O-O-O 14.
Rc1 Rhe8 15. Be2 Bf5 16. Nf3 Be4 17. Qxb4 Nxb4 18. a3 Bxf3 19. gxf3 Na6 20. b4
Rg8 21. Rd1 Rde8 22. Kd2 Nc7 23. Rhg1 Rd8+ 24. Kc3 Rxd1 25. Rxg8+ Rd8 26. Rxd8+
Kxd8 27. Kd4 Ne6+ 28. Ke5 Ke7 29. f4 f6+ 30. Kf5 Ng7+ 31. Ke4 b6 32. c5 b5 33.
h4 Ke6 34. Bf3 a6 35. Kd4 Kd7 36. e4 Ne6+ 37. Ke3 Ng7 38. Bg4+ Kc7 39. h5 h6
40. f5 Ne8 41. f4 Kb7 42. e5 Nc7 43. Bf3 Ne8 44. Kd4 Kc7 45. exf6 Nxf6 46. Ke5
Nd7+ 47. Ke6 Nf8+ 48. Ke7 Nd7 49. f6 a5 50. f7 axb4 51. axb4 1-0

[Event "First Saturday 2011 november FM-B"]
[Site "Budapest"]
[Date "2011.11.13"]
[Round "9"]
[White "Szabo, Miklos"]
[Black "Koltai, Daniel"]
[Result "1-0"]
[WhiteElo "1345"]
[BlackElo "1422"]
[PlyCount "87"]
[EventDate "2011.11.05"]

1. e4 c5 2. Nf3 d6 3. c3 Nf6 4. Bb5+ Nbd7 5. d3 a6 6. Ba4 b5 7. Bc2 g6 8. Bf4
Bg7 9. Nbd2 O-O 10. O-O Bb7 11. d4 cxd4 12. cxd4 Ng4 13. a4 bxa4 14. Bxa4 Nb6
15. Bc2 Qd7 16. Qe2 Rfc8 17. Rfc1 Rc6 18. Ra3 Rac8 19. Qd3 Qc7 20. Ne1 Nc4 21.
Nxc4 Rxc4 22. Be3 Nxe3 23. fxe3 e6 24. Kf2 Qe7 25. Rc3 Rxc3 26. bxc3 Qh4+ 27.
Kg1 Bh6 28. g3 Bxe4 29. Qxa6 Rxc3 30. gxh4 Bxe3+ 31. Kf1 Bxc1 32. Bxe4 Bf4 33.
d5 exd5 34. Qa8+ Kg7 35. Qxd5 Bxh2 36. Qd4+ Be5 37. Qd5 Rh3 38. Ng2 Rc3 39. Qd2
h5 40. Nf4 f5 41. Bd5 Rg3 42. Ne6+ Kh8 43. Qh6+ Kg8 44. Nf4# 1-0